000 00664nam a2200241Ia 4500
003 OSt
005 20221005084616.0
006 a|||||r|||| 00| 0
007 ta
008 221004b |||||||| |||| 00| 0 eng d
024 _a18636
037 _bGift, 03/06/2015,
_cTextual
040 _aCRL
_cCRL
_beng
041 _2eng
_aeng
082 _aO111,3N19,FZ, J2
100 _aSalinger J. D.
245 0 _aFranny and zooey
260 _aNew York
_bBantam Books U.S.A
_c1952
300 _a202p.
_ccm.
650 _aENGLISH LITERATURE
942 _hO111,3N19,FZ, J2
_cTEXL
_2cc
999 _c992831
_d992831